[Event "XVI. DBMM Schach"]
[Site "Dresden"]
[Date "2016.11.05"]
[Round "5.4"]
[White "Launert, Martin"]
[Black "Bohn, Christoph"]
[Result "1-0"]
[WhiteElo "1880"]
[BlackElo "1920"]
[Annotator "br"]
[PlyCount "131"]
[EventDate "2016.11.??"]
[SourceTitle "XVI. DBMM 2016"]
[Source "FV Schach e.V."]
[SourceDate "2017.06.14"]
[SourceVersion "1"]
[SourceVersionDate "2017.06.14"]
[SourceQuality "1"]
[WhiteTeam "R + V Versicherung Wiesbaden"]
[BlackTeam "Transit Hamburg"]
[WhiteTeamCountry "GER"]
[BlackTeamCountry "GER"]

1. e4 e5 2. Nf3 Nc6 3. Bb5 Nf6 4. d3 d6 5. c3 Be7 6. Nbd2 a6 7. Bxc6+ bxc6 8.
d4 Bg4 9. dxe5 dxe5 10. O-O O-O 11. Qa4 Bd6 12. Qxc6 Qe7 13. Qc4 h6 14. h3 Bd7
15. Re1 Bb5 16. Qb3 Rfd8 17. Nf1 Rab8 18. Qc2 Bc5 19. c4 Bc6 20. Ng3 Bb4 21.
Bd2 Bxd2 22. Nxd2 g6 23. Rad1 Rd7 24. Nb1 Rbd8 25. Nc3 Rxd1 26. Rxd1 Rxd1+ 27.
Nxd1 h5 $11 28. f3 Qc5+ 29. Kh2 h4 30. Nf1 Qd4 31. Nde3 Kg7 32. Qd2 Bb7 33. b3
c5 34. Nd5 Qxd2 35. Nxd2 Nh5 36. Kg1 f5 37. exf5 gxf5 38. Nb6 Bc6 39. a3 a5 40.
Nd5 Kf7 41. b4 axb4 42. axb4 cxb4 43. Nxb4 Ba8 44. Kf2 Ke6 45. Nf1 e4 46. fxe4
fxe4 47. Ne3 Kd6 48. Nf5+ Kc5 49. Nc2 Kxc4 50. Nce3+ Kd3 51. Nxh4 Nf4 $11 52.
Nhf5 Kd2 53. h4 Bc6 54. g4 Nd3+ 55. Kg3 Bd7 56. g5 Be8 57. Kg4 Nc5 58. Nc4+ Kd3
59. Ncd6 Bd7 $11 60. Kh5 e3 61. Nxe3 Kxe3 62. g6 Ne6 63. Kh6 Ba4 64. Nf5+ Kf4
65. Ng7 Nf8 66. Nh5+ 1-0

[Event "XVI. DBMM Schach"]
[Site "Dresden"]
[Date "2016.11.05"]
[Round "5.1"]
[White "Gohil, Harry"]
[Black "Feikes, Joerg"]
[Result "1-0"]
[WhiteElo "2322"]
[BlackElo "1968"]
[Annotator "jf"]
[PlyCount "53"]
[EventDate "2016.11.??"]
[SourceTitle "XVI. DBMM 2016"]
[Source "FV Schach e.V."]
[SourceDate "2017.06.14"]
[SourceVersion "1"]
[SourceVersionDate "2017.06.14"]
[SourceQuality "1"]
[WhiteTeam "Commerzbank Frankfurt"]
[BlackTeam "BA Tempelhof Berlin"]
[WhiteTeamCountry "GER"]
[BlackTeamCountry "GER"]

1. d4 d5 2. Nf3 Nf6 3. e3 Bf5 4. c4 c6 5. Nc3 e6 6. Nh4 Bg4 7. Qb3 Qd7 8. h3
Bh5 9. g4 Bg6 10. Nxg6 hxg6 11. g5 Ng8 12. Bg2 dxc4 13. Qxc4 Na6 14. e4 c5 15.
d5 exd5 16. exd5 Bd6 17. Nb5 Ne7 18. Nxd6+ Qxd6 19. Bf4 Rh4 20. Bxd6 Rxc4 21.
O-O Nf5 22. Rfe1+ Kd7 23. Be5 Nb4 24. Bf1 Rc2 25. Bb5+ Kd8 26. a3 Na6 27. d6
1-0

[Event "XVI. DBMM Schach"]
[Site "Dresden"]
[Date "2016.11.05"]
[Round "5.2"]
[White "Kettenburg, Stefan"]
[Black "du Maire, Jerome"]
[Result "1/2-1/2"]
[WhiteElo "2063"]
[BlackElo "2170"]
[Annotator "br"]
[PlyCount "51"]
[EventDate "2016.11.??"]
[SourceTitle "XVI. DBMM 2016"]
[Source "FV Schach e.V."]
[SourceDate "2017.06.14"]
[SourceVersion "1"]
[SourceVersionDate "2017.06.14"]
[SourceQuality "1"]
[WhiteTeam "BA Tempelhof Berlin"]
[BlackTeam "Commerzbank Frankfurt"]
[WhiteTeamCountry "GER"]
[BlackTeamCountry "GER"]

1. d4 Nf6 2. c4 e6 3. Nf3 c5 4. e3 d5 5. Nc3 Nc6 6. cxd5 Nxd5 7. Be2 cxd4 8.
exd4 Be7 9. O-O O-O 10. Qb3 Na5 11. Qd1 b6 12. Nxd5 Qxd5 13. Ne5 Bb7 14. Bf3
Qb5 15. Be2 Qe8 16. Bf3 Bxf3 17. Qxf3 Rd8 18. Rd1 Rd5 19. Bd2 Nc6 20. Bc3 Bf6
21. Qe4 Qa8 22. Ng4 Qd8 23. Ne3 Rd6 24. Nc4 Rd5 25. Ne3 Rd6 26. Nc4 1/2-1/2

[Event "XVI. DBMM Schach"]
[Site "Dresden"]
[Date "2016.11.05"]
[Round "5.3"]
[White "Hummel, Dennis"]
[Black "Neumann, Christian"]
[Result "1-0"]
[WhiteElo "2029"]
[BlackElo "1945"]
[Annotator "br"]
[PlyCount "83"]
[EventDate "2016.11.??"]
[SourceTitle "XVI. DBMM 2016"]
[Source "FV Schach e.V."]
[SourceDate "2017.06.14"]
[SourceVersion "1"]
[SourceVersionDate "2017.06.14"]
[SourceQuality "1"]
[WhiteTeam "Commerzbank Frankfurt"]
[BlackTeam "BA Tempelhof Berlin"]
[WhiteTeamCountry "GER"]
[BlackTeamCountry "GER"]

1. e4 e5 2. Nc3 Bc5 3. g3 Nf6 4. Bg2 O-O 5. d3 d6 6. Be3 Bxe3 7. fxe3 c6 8. Nf3
Qb6 9. Qc1 Ng4 10. Nd1 f5 11. exf5 Bxf5 12. e4 Be6 13. h3 Nf6 14. Qe3 Qb4+ 15.
c3 Qb5 16. O-O c5 17. d4 exd4 18. cxd4 Nc6 19. Nc3 cxd4 20. Nxd4 Qc4 21. Rad1
Nxd4 22. Qxd4 Qc5 23. Rd2 Nh5 24. g4 Rxf1+ 25. Bxf1 Nf4 26. Kh2 h5 27. Qxd6
Qxd6 28. Rxd6 hxg4 29. hxg4 Bxg4 30. Kg3 Be6 31. Kxf4 Rf8+ 32. Ke5 Bxa2 33. Bh3
Bc4 34. Bf5 b5 35. Nd5 Kh8 36. Kd4 a5 37. Nf4 Bf7 38. e5 Be8 39. Ng6+ Bxg6 40.
Bxg6 Rc8 41. e6 Rc4+ 42. Kd5 1-0

[Event "XVI. DBMM Schach"]
[Site "Dresden"]
[Date "2016.11.05"]
[Round "5.4"]
[White "Baranowsky, Peter"]
[Black "Fischer, Alexander"]
[Result "0-1"]
[WhiteElo "2009"]
[BlackElo "2038"]
[Annotator "pb"]
[PlyCount "61"]
[EventDate "2016.11.??"]
[SourceTitle "XVI. DBMM 2016"]
[Source "FV Schach e.V."]
[SourceDate "2017.06.14"]
[SourceVersion "1"]
[SourceVersionDate "2017.06.14"]
[SourceQuality "1"]
[WhiteTeam "BA Tempelhof Berlin"]
[BlackTeam "Commerzbank Frankfurt"]
[WhiteTeamCountry "GER"]
[BlackTeamCountry "GER"]

1. d4 d5 2. Nf3 Nf6 3. e3 e6 4. Bd3 c5 5. c3 Nc6 6. Nbd2 Bd6 7. O-O Qc7 8. dxc5
Bxc5 9. e4 O-O 10. exd5 exd5 11. Nb3 Bd6 12. h3 h6 13. Re1 a6 14. Be3 Bd7 15.
Qc1 Ne4 16. c4 Nb4 17. Bxe4 dxe4 18. Bxh6 gxh6 19. Rxe4 Rfe8 20. Rh4 Bf8 21.
Qc3 Nc6 22. Rd1 Bf5 23. g4 Bg7 24. Qc1 Bg6 25. Rxh6 Bxh6 26. Qxh6 Rad8 27. Rd5
Qe7 28. h4 Qe4 29. Rxd8 Qxg4+ 30. Kh2 Rxd8 31. Qe3 0-1

[Event "XVI. DBMM Schach"]
[Site "Dresden"]
[Date "2016.11.05"]
[Round "5.1"]
[White "Meyer, Jens Uwe"]
[Black "Schulz, Michael"]
[Result "1/2-1/2"]
[WhiteElo "2063"]
[BlackElo "2142"]
[Annotator "ms"]
[PlyCount "87"]
[EventDate "2016.11.??"]
[SourceTitle "XVI. DBMM 2016"]
[Source "FV Schach e.V."]
[SourceDate "2017.06.14"]
[SourceVersion "1"]
[SourceVersionDate "2017.06.14"]
[SourceQuality "1"]
[WhiteTeam "SG Stern Ludwigsfelde"]
[BlackTeam "SV Osram Berlin"]
[WhiteTeamCountry "GER"]
[BlackTeamCountry "GER"]

1. d4 Nf6 2. Bf4 d5 3. e3 c5 4. c3 cxd4 5. exd4 Nc6 6. Bd3 g6 7. Nd2 Bg7 8.
Ngf3 O-O 9. O-O Nh5 10. Bg5 f6 11. Bh4 Nf4 12. Bc2 Be6 13. Re1 Qd7 14. Nf1 b5
15. Bg3 Nh5 16. Bh4 b4 17. Ba4 bxc3 18. bxc3 Rfc8 19. Qe2 Nf4 20. Qd2 Bh6 21.
Ne3 Bg4 22. Qd1 Be6 23. Rb1 Rab8 24. Rxb8 Rxb8 25. Bg3 Qd6 26. Qc2 Na5 27. Nd2
Qa6 28. Nb3 Nb7 29. Nc1 Nd6 30. Bb3 Qc6 31. Nd3 Nxd3 32. Qxd3 Rc8 33. Nd1 Ne4
34. f3 Nxg3 35. hxg3 Bf7 36. Rxe7 Qd6 37. Rxa7 Qxg3 38. Re7 Bf4 39. Nf2 Qh2+
40. Kf1 Bd6 41. Re2 Bg3 42. Re7 Bd6 43. Re2 Bg3 44. Re7 1/2-1/2

[Event "XVI. DBMM Schach"]
[Site "Dresden"]
[Date "2016.11.05"]
[Round "5.2"]
[White "Rath, Alina"]
[Black "Astfalk, Lutz"]
[Result "1-0"]
[WhiteElo "2047"]
[BlackElo "1945"]
[Annotator "br"]
[PlyCount "59"]
[EventDate "2016.11.??"]
[SourceTitle "XVI. DBMM 2016"]
[Source "FV Schach e.V."]
[SourceDate "2017.06.14"]
[SourceVersion "1"]
[SourceVersionDate "2017.06.14"]
[SourceQuality "1"]
[WhiteTeam "SV Osram Berlin"]
[BlackTeam "SG Stern Ludwigsfelde"]
[WhiteTeamCountry "GER"]
[BlackTeamCountry "GER"]

1. c4 Nf6 2. Nc3 d6 3. g3 c6 4. Bg2 g6 5. e4 e5 6. Nge2 Be6 7. d3 Qd7 8. O-O
Bh3 9. f4 Bxg2 10. Kxg2 Bg7 $11 11. h3 O-O 12. Be3 Na6 13. Qd2 Nh5 14. f5 Nc7
15. g4 Nf6 16. g5 Nh5 17. f6 Bh8 18. d4 Rfe8 19. Rad1 Rad8 20. dxe5 Rxe5 21.
Bd4 Qe6 22. Bxe5 Qxe5 23. Rf3 Ne6 24. h4 h6 25. gxh6 Bxf6 26. Rdf1 Rd7 27. Ng3
Nxg3 28. Rxg3 Bxh4 29. Rgf3 Ng5 30. Rf4 1-0

[Event "XVI. DBMM Schach"]
[Site "Dresden"]
[Date "2016.11.05"]
[Round "5.3"]
[White "Tangermann, Erhard"]
[Black "Gebert Vangeel, Ralf"]
[Result "1/2-1/2"]
[WhiteElo "1654"]
[BlackElo "2042"]
[Annotator "br"]
[PlyCount "67"]
[EventDate "2016.11.??"]
[SourceTitle "XVI. DBMM 2016"]
[Source "FV Schach e.V."]
[SourceDate "2017.06.14"]
[SourceVersion "1"]
[SourceVersionDate "2017.06.14"]
[SourceQuality "1"]
[WhiteTeam "SG Stern Ludwigsfelde"]
[BlackTeam "SV Osram Berlin"]
[WhiteTeamCountry "GER"]
[BlackTeamCountry "GER"]

1. Nf3 Nf6 2. d4 d5 3. c4 c6 4. cxd5 cxd5 5. Nc3 e6 6. g3 g6 7. Bg2 Bg7 8. O-O
O-O 9. Bf4 a6 10. Rc1 Nc6 11. Ne5 Nh5 12. Nxc6 bxc6 13. Qd2 Nxf4 14. Qxf4 Qb6
15. e3 f6 16. Qd6 Rd8 17. Na4 Qb5 18. Qa3 Bf8 19. Qb3 Bd7 20. Nc5 Rab8 21. Qa4
Qxa4 22. Nxa4 e5 23. b3 exd4 24. exd4 Rb4 25. Rfd1 Re8 26. Rc3 Re2 27. a3 Rb8
28. Bf1 Ra2 29. b4 Kf7 30. Bxa6 Ra8 31. Nb6 Rxa6 32. Nxd7 R2xa3 33. Rxa3 Rxa3
34. Ne5+ 1/2-1/2

[Event "XVI. DBMM Schach"]
[Site "Dresden"]
[Date "2016.11.05"]
[Round "5.4"]
[White "Eisermann, Daniel"]
[Black "Grandt, Bernd"]
[Result "1/2-1/2"]
[WhiteElo "1966"]
[BlackElo "2033"]
[Annotator "de"]
[PlyCount "29"]
[EventDate "2016.11.??"]
[SourceTitle "XVI. DBMM 2016"]
[Source "FV Schach e.V."]
[SourceDate "2017.06.14"]
[SourceVersion "1"]
[SourceVersionDate "2017.06.14"]
[SourceQuality "1"]
[WhiteTeam "SV Osram Berlin"]
[BlackTeam "SG Stern Ludwigsfelde"]
[WhiteTeamCountry "GER"]
[BlackTeamCountry "GER"]

1. e4 d5 2. exd5 Nf6 3. d4 Nxd5 4. Bd3 g6 5. Nf3 Bg7 6. O-O O-O 7. c4 Nb4 8.
Be2 Bf5 9. Na3 c5 10. dxc5 Qxd1 11. Rxd1 N8a6 12. Nd4 Nxc5 13. Nxf5 gxf5 14.
Be3 Rac8 15. Bd4 1/2-1/2

[Event "XVI. DBMM Schach"]
[Site "Dresden"]
[Date "2016.11.05"]
[Round "5.1"]
[White "Hohlfeld, Wolfgang"]
[Black "Koscielski, Janusz"]
[Result "0-1"]
[WhiteElo "2102"]
[BlackElo "2332"]
[Annotator "br"]
[PlyCount "68"]
[EventDate "2016.11.??"]
[SourceTitle "XVI. DBMM 2016"]
[Source "FV Schach e.V."]
[SourceDate "2017.06.14"]
[SourceVersion "1"]
[SourceVersionDate "2017.06.14"]
[SourceQuality "1"]
[WhiteTeam "Baubehoerde Hamburg"]
[BlackTeam "Ev. Kinderheim Herne und Wanne-Eickel"]
[WhiteTeamCountry "GER"]
[BlackTeamCountry "GER"]

1. e4 c5 2. c3 d5 3. exd5 Qxd5 4. d4 Nf6 5. Nf3 Bg4 6. Be2 e6 7. h3 Bh5 8. O-O
Nc6 9. Be3 cxd4 10. cxd4 Bb4 11. Nc3 Qd6 12. a3 Ba5 13. b4 Bb6 14. Nb5 Qd8 15.
Ne5 Bxe2 16. Qxe2 O-O 17. Nxc6 bxc6 18. Nc3 Qd6 19. Qf3 Rac8 20. Rfd1 Nd5 21.
Ne4 Qe7 22. Bg5 f6 23. Bh4 g5 24. Bg3 f5 25. Nc3 f4 26. Bh2 Qg7 27. Nxd5 cxd5
28. Qg4 Rf5 29. Rac1 Rxc1 30. Rxc1 Qxd4 31. Qh5 Qxf2+ 32. Kh1 Qe3 33. Rf1 f3
34. gxf3 Qe2 0-1

[Event "XVI. DBMM Schach"]
[Site "Dresden"]
[Date "2016.11.05"]
[Round "5.2"]
[White "Heimsoth, Sven Holger"]
[Black "Hein, Ralf"]
[Result "1-0"]
[WhiteElo "2157"]
[BlackElo "2047"]
[Annotator "br"]
[PlyCount "101"]
[EventDate "2016.11.??"]
[SourceTitle "XVI. DBMM 2016"]
[Source "FV Schach e.V."]
[SourceDate "2017.06.14"]
[SourceVersion "1"]
[SourceVersionDate "2017.06.14"]
[SourceQuality "1"]
[WhiteTeam "Ev. Kinderheim Herne und Wanne-Eickel"]
[BlackTeam "Baubehoerde Hamburg"]
[WhiteTeamCountry "GER"]
[BlackTeamCountry "GER"]

1. Nf3 d5 2. g3 Nf6 3. Bg2 Bf5 4. c4 c6 5. O-O Nbd7 6. cxd5 Nxd5 7. d4 e6 8.
Nc3 Nxc3 9. bxc3 Be7 10. Ne1 Nb6 11. e4 Bg6 12. Rb1 O-O 13. Nd3 Bd6 14. h4 f5
15. e5 Be7 16. Nf4 Bf7 17. Qb3 Qd7 18. Be3 Rfb8 19. c4 h6 20. Rfd1 g5 21. hxg5
hxg5 22. Nh3 Qd8 23. d5 cxd5 24. cxd5 Nxd5 25. Rd2 Kg7 26. Rbd1 Kg6 27. Qb1 Qc7
28. Bxd5 exd5 29. g4 Be6 30. Rxd5 Rd8 31. Rc1 Qxc1+ 32. Qxc1 Rxd5 33. Bxg5 Kf7
34. Bxe7 Kxe7 35. Qg5+ Kd7 36. gxf5 Rd1+ 37. Kh2 Bd5 38. e6+ Kc6 39. Qg7 b5 40.
Qd7+ Kc5 41. Qg7 b4 42. f6 Rh1+ 43. Kg3 Rxh3+ 44. Kxh3 Bxe6+ 45. Kh2 Bxa2 46.
Qe7+ Kd4 47. Qxb4+ Bc4 48. Qd6+ Kc3 49. f7 Rh8+ 50. Kg3 Kb3 51. f8=Q 1-0

[Event "XVI. DBMM Schach"]
[Site "Dresden"]
[Date "2016.11.05"]
[Round "5.3"]
[White "Kaliski, Achim"]
[Black "Leveikina, Jevgenija      ML"]
[Result "0-1"]
[WhiteElo "1976"]
[BlackElo "2116"]
[Annotator "br"]
[PlyCount "156"]
[EventDate "2016.11.??"]
[SourceTitle "XVI. DBMM 2016"]
[Source "FV Schach e.V."]
[SourceDate "2017.06.14"]
[SourceVersion "1"]
[SourceVersionDate "2017.06.14"]
[SourceQuality "1"]
[WhiteTeam "Baubehoerde Hamburg"]
[BlackTeam "Ev. Kinderheim Herne und Wanne-Eickel"]
[WhiteTeamCountry "GER"]
[BlackTeamCountry "GER"]

1. e4 e5 2. Nc3 Nc6 3. Bc4 Bc5 4. a3 Nf6 5. d3 d6 6. Na4 Bg4 7. Qd2 Qe7 8. h3
Be6 9. Nxc5 dxc5 10. Bb5 Bd7 11. Bxc6 Bxc6 12. Qc3 Nd7 13. Nf3 $11 f5 14. O-O
O-O-O 15. Bg5 Qd6 16. Bxd8 Rxd8 17. Nd2 Qe6 18. f3 f4 19. b4 g5 20. Nc4 h5 21.
Na5 g4 22. Nxc6 Qxc6 23. hxg4 hxg4 24. Kf2 Qb6 25. Ke2 cxb4 26. axb4 Qe3+ 27.
Kd1 gxf3 28. gxf3 Rg8 29. Qd2 Qb6 30. c3 a6 31. Kc2 c5 32. Qf2 Qd6 33. bxc5
Nxc5 34. d4 exd4 35. cxd4 Ne6 36. Rfd1 Kb8 37. Kd3 Qb4 38. Rdc1 Qb3+ 39. Kd2
Qb2+ 40. Ke1 Qb4+ 41. Kf1 Qb5+ 42. Ke1 Qb4+ 43. Kf1 Nxd4 44. Rab1 Nb3 45. Rb2
Qb5+ 46. Ke1 Nxc1 47. Rxb5 Nd3+ 48. Ke2 Nxf2 49. Rh5 Nxe4 50. fxe4 Rg3 51. e5
Re3+ 52. Kd2 Ka7 53. Rf5 a5 54. e6 Kb6 55. Rf6 Re5 56. Kd3 Kc5 57. Rf7 Re3+ 58.
Kd2 Rxe6 59. Rxb7 Kd4 60. Rf7 Ke4 61. Ke2 Re5 62. Rf8 Rf5 63. Re8+ Kd4 64. Kf3
Kc3 65. Rb8 a4 66. Rc8+ Kb3 67. Rb8+ Ka2 68. Rb7 Rf8 69. Rb6 a3 70. Rb7 Ka1 71.
Rb6 a2 72. Rb7 Rc8 73. Kxf4 Rc2 74. Ke3 Rb2 75. Rd7 Kb1 76. Rd1+ Kc2 77. Rd2+
Kc1 78. Rd7 a1=Q 0-1

[Event "XVI. DBMM Schach"]
[Site "Dresden"]
[Date "2016.11.05"]
[Round "5.4"]
[White "Selmanaj, Agim"]
[Black "Raum, Norbert"]
[Result "0-1"]
[WhiteElo "1643"]
[BlackElo "1816"]
[Annotator "br"]
[PlyCount "116"]
[EventDate "2016.11.??"]
[SourceTitle "XVI. DBMM 2016"]
[Source "FV Schach e.V."]
[SourceDate "2017.06.14"]
[SourceVersion "1"]
[SourceVersionDate "2017.06.14"]
[SourceQuality "1"]
[WhiteTeam "Ev. Kinderheim Herne und Wanne-Eickel"]
[BlackTeam "Baubehoerde Hamburg"]
[WhiteTeamCountry "GER"]
[BlackTeamCountry "GER"]

1. e4 e6 2. Nc3 d5 3. d4 dxe4 4. Nxe4 Nf6 5. Bg5 Be7 6. Nxf6+ gxf6 7. Bh6 f5 8.
Nf3 Nd7 9. c3 Rg8 10. g3 b6 11. Bg2 Bb7 12. h4 c5 13. Rg1 Qc7 14. Ng5 cxd4 15.
Qxd4 Bc5 16. Qd2 Ne5 17. O-O-O Bxg2 18. Rxg2 Rd8 19. Qxd8+ Qxd8 20. Rxd8+ Kxd8
21. Nh3 Ke7 22. b4 Bd6 23. Ng1 Rc8 24. Kb2 Nc4+ 25. Kb3 b5 26. Ne2 e5 27. Rg1
a5 28. a4 bxa4+ 29. Kxa4 axb4 30. cxb4 Rb8 31. Rb1 f4 32. gxf4 Ra8+ 33. Kb3
Nd2+ 34. Kb2 Nxb1 35. Kxb1 exf4 36. Nxf4 Bxf4 37. Bxf4 Ra4 38. Bd2 Kd7 39. Kb2
Kc6 40. Kb3 Kb5 41. Bc3 Ra8 42. Bf6 Re8 43. Kc3 Re4 44. Kd3 Rxb4 45. Ke3 Kc6
46. Kf3 h5 47. Kg3 Kd5 48. Bg5 Ke6 49. Be3 Rg4+ 50. Kh3 Kf5 51. Bc5 Ke4 52. Be3
Kf3 53. Bc5 Rc4 54. Bb6 f5 55. Be3 Rc2 56. Bb6 f4 57. Bd4 Rxf2 58. Bxf2 Kxf2
0-1

[Event "XVI. DBMM Schach"]
[Site "Dresden"]
[Date "2016.11.05"]
[Round "5.1"]
[White "Mielke, Sven"]
[Black "Molinaroli, Martin"]
[Result "0-1"]
[WhiteElo "2115"]
[BlackElo "2274"]
[Annotator "br"]
[PlyCount "56"]
[EventDate "2016.11.??"]
[SourceTitle "XVI. DBMM 2016"]
[Source "FV Schach e.V."]
[SourceDate "2017.06.14"]
[SourceVersion "1"]
[SourceVersionDate "2017.06.14"]
[SourceQuality "1"]
[WhiteTeam "SV Osram Berlin II"]
[BlackTeam "Westf. Provinzial-Versicherung Muenster"]
[WhiteTeamCountry "GER"]
[BlackTeamCountry "GER"]

1. e4 c6 2. d4 d5 3. e5 Na6 4. Bxa6 Qa5+ 5. Nd2 Qxa6 6. Qe2 Qxe2+ 7. Nxe2 Bf5
8. c4 dxc4 9. Nxc4 O-O-O 10. Be3 e6 11. O-O-O Be4 12. f3 Bd5 13. b3 Nh6 14. Nc3
Be7 15. Bxh6 gxh6 16. Ne4 Bxe4 17. fxe4 b5 18. Ne3 Rhg8 19. g3 f6 20. exf6 Bxf6
21. d5 exd5 22. exd5 Bg5 23. Rhe1 Rge8 24. Rd3 Rxd5 25. Kd2 Kc7 26. Rxd5 cxd5
27. Kd3 Rxe3+ 28. Rxe3 Bxe3 0-1

[Event "XVI. DBMM Schach"]
[Site "Dresden"]
[Date "2016.11.05"]
[Round "5.2"]
[White "Gerighausen, Karl-Heinz"]
[Black "Mayer, Herbert"]
[Result "1/2-1/2"]
[WhiteElo "1879"]
[BlackElo "1895"]
[Annotator "hm"]
[PlyCount "52"]
[EventDate "2016.11.??"]
[SourceTitle "XVI. DBMM 2016"]
[Source "FV Schach e.V."]
[SourceDate "2017.06.14"]
[SourceVersion "1"]
[SourceVersionDate "2017.06.14"]
[SourceQuality "1"]
[WhiteTeam "Westf. Provinzial-Versicherung Muenster"]
[BlackTeam "SV Osram Berlin II"]
[WhiteTeamCountry "GER"]
[BlackTeamCountry "GER"]

1. d4 d5 2. Nf3 Nf6 3. e3 g6 4. Be2 Bg7 5. O-O O-O 6. b3 c5 7. Bb2 cxd4 8. Nxd4
Nc6 9. Nd2 Re8 10. N2f3 a6 11. c4 e6 12. Nxc6 bxc6 13. Qc2 Bb7 14. Rfd1 Rc8 15.
Rac1 Ne4 16. Bxg7 Kxg7 17. Qb2+ Qf6 18. Qxf6+ Kxf6 19. Rc2 a5 20. Rdc1 Ba6 21.
Kf1 Nd6 22. cxd5 Bxe2+ 23. Kxe2 cxd5 24. Nd4 Rxc2+ 25. Rxc2 Ra8 26. Rc6 Ke7
1/2-1/2

[Event "XVI. DBMM Schach"]
[Site "Dresden"]
[Date "2016.11.05"]
[Round "5.3"]
[White "Hildebrand, Gerald"]
[Black "Kuestermann, Dieter"]
[Result "1-0"]
[WhiteElo "2180"]
[BlackElo "1960"]
[Annotator "gh"]
[PlyCount "63"]
[EventDate "2016.11.??"]
[SourceTitle "XVI. DBMM 2016"]
[Source "FV Schach e.V."]
[SourceDate "2017.06.14"]
[SourceVersion "1"]
[SourceVersionDate "2017.06.14"]
[SourceQuality "1"]
[WhiteTeam "SV Osram Berlin II"]
[BlackTeam "Westf. Provinzial-Versicherung Muenster"]
[WhiteTeamCountry "GER"]
[BlackTeamCountry "GER"]

1. d4 d5 2. c4 e6 3. Nc3 Nf6 4. Bg5 Be7 5. e3 a6 6. Nf3 c5 7. Bd3 dxc4 8. Bxc4
b5 9. Bd3 c4 10. Bc2 Nc6 11. O-O Bb7 12. Qe2 O-O 13. Rfd1 Nd5 14. Bxe7 Ncxe7
15. Ne4 Rc8 16. Nc5 Ba8 17. Nxa6 Qa5 18. Nc5 Nb4 19. Qd2 Bxf3 20. gxf3 Ra8 21.
Be4 Nbd5 22. Qc2 g6 23. f4 Qc7 24. a4 bxa4 25. Rxa4 Rxa4 26. Qxa4 Rb8 27. Rc1
Rxb2 28. Qe8+ Kg7 29. Nd7 Kh6 30. Qf8+ Kh5 31. Bf3+ Kh4 32. Qh6# 1-0

[Event "XVI. DBMM Schach"]
[Site "Dresden"]
[Date "2016.11.05"]
[Round "5.4"]
[White "Keller, Hansjuergen"]
[Black "Riess, Bernhard"]
[Result "1/2-1/2"]
[WhiteElo "1709"]
[BlackElo "1567"]
[Annotator "br"]
[PlyCount "55"]
[EventDate "2016.11.??"]
[SourceTitle "XVI. DBMM 2016"]
[Source "FV Schach e.V."]
[SourceDate "2017.06.14"]
[SourceVersion "1"]
[SourceVersionDate "2017.06.14"]
[SourceQuality "1"]
[WhiteTeam "Westf. Provinzial-Versicherung Muenster"]
[BlackTeam "SV Osram Berlin II"]
[WhiteTeamCountry "GER"]
[BlackTeamCountry "GER"]

1. d4 c6 2. Nf3 d5 3. c3 Nf6 4. Bf4 e6 5. e3 Be7 6. Bd3 O-O 7. Nbd2 Nbd7 8. Ne5
c5 9. O-O c4 10. Bc2 Nxe5 11. dxe5 Nd7 12. Qg4 g6 13. Qe2 Qc7 14. Nf3 Nc5 15.
Rfd1 Bd7 16. Nd4 Bc6 17. Nxc6 Qxc6 18. Qg4 Qc7 19. h4 Bd8 20. h5 Qe7 21. Bh6
Re8 22. hxg6 fxg6 23. Bxg6 hxg6 24. Qxg6+ Kh8 25. Qh5 Bc7 26. Bg5+ Qh7 27. Bf6+
Kg8 28. Qg4+ 1/2-1/2

[Event "XVI. DBMM Schach"]
[Site "Dresden"]
[Date "2016.11.05"]
[Round "5.1"]
[White "Zerenner, Pascal"]
[Black "Brendemuehl, Bernd"]
[Result "0-1"]
[WhiteElo "1889"]
[BlackElo "1849"]
[Annotator "br"]
[PlyCount "40"]
[EventDate "2016.11.??"]
[SourceTitle "XVI. DBMM 2016"]
[Source "FV Schach e.V."]
[SourceDate "2017.06.14"]
[SourceVersion "1"]
[SourceVersionDate "2017.06.14"]
[SourceQuality "1"]
[WhiteTeam "Europark Altenberg"]
[BlackTeam "Europaeisches Patentamt Muenchen II"]
[WhiteTeamCountry "GER"]
[BlackTeamCountry "GER"]

1. d4 f5 2. Nf3 Nf6 3. c4 e6 4. Nc3 d5 5. Bf4 c6 6. e3 Bd6 7. Bxd6 Qxd6 8. Bd3
Nbd7 9. cxd5 cxd5 10. Nb5 Qb6 11. Qc2 O-O 12. Qc7 a6 13. Qxb6 Nxb6 14. Nc3 Bd7
15. b3 Rac8 16. Kd2 Ne4+ 17. Bxe4 fxe4 18. Ne5 Rxf2+ 19. Ne2 Bb5 20. Rae1 Rxg2
0-1

[Event "XVI. DBMM Schach"]
[Site "Dresden"]
[Date "2016.11.05"]
[Round "5.2"]
[White "Bumes, Konrad"]
[Black "Schmidt, Gerhard"]
[Result "1/2-1/2"]
[WhiteElo "2050"]
[BlackElo "2116"]
[Annotator "br"]
[PlyCount "38"]
[EventDate "2016.11.??"]
[SourceTitle "XVI. DBMM 2016"]
[Source "FV Schach e.V."]
[SourceDate "2017.06.14"]
[SourceVersion "1"]
[SourceVersionDate "2017.06.14"]
[SourceQuality "1"]
[WhiteTeam "Europaeisches Patentamt Muenchen II"]
[BlackTeam "Europark Altenberg"]
[WhiteTeamCountry "GER"]
[BlackTeamCountry "GER"]

1. d4 Nf6 2. c4 g6 3. Nc3 Bg7 4. e4 d6 5. Bd3 O-O 6. f3 e5 7. d5 c6 8. Be3 b5
9. cxb5 cxd5 10. exd5 e4 11. fxe4 Ng4 12. Qd2 f5 13. O-O-O f4 14. Bxf4 Rxf4 15.
h3 Rf2 16. Qe1 Bxc3 17. bxc3 Qa5 18. Ne2 Rxe2 19. Bxe2 Ne5 1/2-1/2

[Event "XVI. DBMM Schach"]
[Site "Dresden"]
[Date "2016.11.05"]
[Round "5.3"]
[White "Bussler, Juergen"]
[Black "Santos, Paulo"]
[Result "1/2-1/2"]
[WhiteElo "1940"]
[BlackElo "1831"]
[Annotator "br"]
[PlyCount "33"]
[EventDate "2016.11.??"]
[SourceTitle "XVI. DBMM 2016"]
[Source "FV Schach e.V."]
[SourceDate "2017.06.14"]
[SourceVersion "1"]
[SourceVersionDate "2017.06.14"]
[SourceQuality "1"]
[WhiteTeam "Europark Altenberg"]
[BlackTeam "Europaeisches Patentamt Muenchen II"]
[WhiteTeamCountry "GER"]
[BlackTeamCountry "GER"]

1. d4 Nf6 2. c4 g6 3. Nc3 d5 4. Nf3 Bg7 5. e3 O-O 6. Be2 e6 7. O-O b6 8. Qc2
Bb7 9. Ne5 Nbd7 10. Nxd7 Qxd7 11. cxd5 Nxd5 12. Nxd5 Bxd5 13. b3 c5 14. Bb2
Rac8 15. Qd2 Bb7 16. Rfd1 Rfd8 17. Rac1 1/2-1/2